Modern biotechnology (Record no. 51419)

MARC details
000 -LEADER
fixed length control field 00606nam a2200181 a 4500
008 - FIXED-LENGTH DATA ELEMENTS--GENERAL INFORMATION
fixed length control field 060316s1987 ||||||||||||||||| || u
020 ## - INTERNATIONAL STANDARD BOOK NUMBER
International Standard Book Number 0632017643
020 ## - INTERNATIONAL STANDARD BOOK NUMBER
International Standard Book Number 0632017813
050 ## - LIBRARY OF CONGRESS CALL NUMBER
Classification number TP 248 Pri
100 ## - MAIN ENTRY--PERSONAL NAME
Personal name Primrose, S. B
245 10 - TITLE STATEMENT
Title Modern biotechnology
260 ## - PUBLICATION, DISTRIBUTION, ETC.
Place of publication, distribution, etc. Oxford
Name of publisher, distributor, etc. Blackwell Scientific Publications
Date of publication, distribution, etc. 1987
300 ## - PHYSICAL DESCRIPTION
Extent viii, 176 p. : ill.
350 ## - PRICE (NR) (BK AM CF MU VM SE) [OBSOLETE]
Price 0.00
500 ## - GENERAL NOTE
General note Includes bibliographies
650 #0 - SUBJECT ADDED ENTRY--TOPICAL TERM
Topical term or geographic name entry element BIOTECHNOLOGY
995 ## - RECOMMENDATION 995 [LOCAL, UNIMARC FRANCE]
-- 0.00
-- CBU-MAIN LIBRARY (Kitwe)
-- 1
-- 27.50
-- AVAILABLE
-- Annex Low-Usage Collection
Holdings
Withdrawn status Lost status Source of classification or shelving scheme Damaged status Not for loan Home library Current library Shelving location Date acquired Total Checkouts Full call number Barcode Date last seen Price effective from Koha item type
          CBU-MAIN LIBRARY, KITWE. CBU-MAIN LIBRARY, KITWE.   11/30/2022   TP 248 Pri 016932 11/30/2022 11/30/2022 MONOGRAPH